00532 2200181 4500001002100000005001800021008004100039035002400080090001700104100002600121245007400147250001100221260003900232300003100271650001800302850001500320999001500335YOGYA-1010000000004520101001082837405 ind  0010-101000000000045 aUT 547 Sya B aSyamsul Arifin Akhmad aBuku materi pokok kimia organik bahan alam : KIM 4214/2 sks/modul 1-3 aCet. 1 aJakartabUniversitas Terbukac1985 a148 hlm . : ilus . ; 29 cm aKimia Organik aYOPDYOG[B] aA000001509